Statistics for All Star Wars Inquisitors

Click here to take the quiz!

General Stats

  • This quiz has been taken 31 times
  • The average score is 8 of 12

Answer Stats

SpeciesFirst IntroducedInquisitor% Correct
HumanObi-Wan KenobiThird Sister
96%
UnknownRebelsFifth Brother
83%
Pau’anRebelsGrand Inquisitor
83%
HumanJedi Fallen OrderSecond Sister
83%
MirialanRebelsSeventh Sister
78%
DowutinJedi Fallen OrderNinth Sister
74%
UnkownAhsokaSixth Brother
61%
Terrelian Jango JumperRebelsEighth Brother
57%
UnknownReturn to Vader’s CastleFourth Sister
57%
MiralukaMace WinduTenth Brother
48%
UnknownDarth VaderEleventh Sister
22%
Twi’lekDarth VaderTwelfth Brother
22%

Score Distribution

Percentile by Number Answered

Percent of People with Each Score

Your Score History

You have not taken this quiz